Statistiques concernant Villes les plus Peuplées du Monde à travers le Temps

Cliquez ici pour prendre le quiz!

Statistiques générales

  • Ce quiz a été pris 200 fois
  • Le résultat moyen est 56 sur 72

Statistiques - réponses

PopulationPaysVille% Correct
3,3 MFranceParis
99%
1,3 MFranceParis
99%
6,3 MFranceParis
99%
34,4 MJaponTokyo
98%
32,6 MJaponTokyo
98%
779 KJaponTokyo
98%
11,2 MJaponTokyo
98%
1,5 MJaponTokyo
98%
444 KAllemagneBerlin
97%
2,7 MAllemagneBerlin
97%
8,4 MRoyaume-UniLondres
97%
2,3 MRoyaume-UniLondres
97%
6,5 MRoyaume-UniLondres
97%
24,7 MÉtats-UnisNew York
97%
641 KÉtats-UnisNew York
97%
12,3 MÉtats-UnisNew York
97%
18 MÉtats-UnisNew York
97%
4,2 MÉtats-UnisNew York
97%
1,1 MChinePékin
96%
1,6 MChinePékin
96%
5,2 MRussieMoscou
94%
24,3 MMexiqueMexico
93%
18,4 MMexiqueMexico
93%
3,3 MMexiqueMexico
93%
11,8 MÉtats-UnisLos Angeles
92%
4 MÉtats-UnisLos Angeles
92%
1,7 MAutricheVienne
92%
425 KAutricheVienne
92%
45,6 MIndeDelhi
91%
57,3 MIndeDelhi
91%
15,6 MIndeDelhi
91%
784 KTurquieIstanbul
91%
30,2 MÉgypteLe Caire
90%
13,6 MÉgypteLe Caire
90%
487 KRussieSaint-Pétersbourg
89%
1,4 MRussieSaint-Pétersbourg
89%
4,3 MChineShanghaï
87%
14,2 MChineShanghaï
87%
5,1 MArgentineBuenos Aires
86%
12,5 MArgentineBuenos Aires
86%
67,2 MIndeMumbai
85%
576 KIndeMumbai
85%
42,3 MIndeMumbai
85%
16,1 MIndeMumbai
85%
1,4 MRoyaume-UniManchester
79%
17 MBrésilSão Paulo
79%
1,7 MÉtats-UnisChicago
75%
5 MÉtats-UnisChicago
75%
83,5 MRépublique Démocratique du CongoKinshasa
74%
35 MRépublique Démocratique du CongoKinshasa
74%
32,6 MNigeriaLagos
70%
88,3 MNigeriaLagos
70%
18,7 MJaponOsaka
68%
7 MJaponOsaka
68%
23,5 M
Philippines
Manille
67%
46,7 MKenyaNairobi
62%
54,2 MBangladeshDacca
61%
35,2 MBangladeshDacca
61%
50,3 MAfghanistanKaboul
61%
1,2 MRoyaume-UniBirmingham
55%
31,6 MPakistanKarachi
48%
49,1 MPakistanKarachi
48%
56,6 MSoudanKhartoum
44%
13,1 MIndeKolkata
41%
4,6 MIndeKolkata
41%
33 MIndeKolkata
41%
52,4 MIndeKolkata
41%
73,7 MTanzanieDar es Salam
39%
1,4 MÉtats-UnisPhiladelphie
39%
56,1 MNigerNiamey
37%
874 KChineGuangzhou
12%
434 KChineHangzhou
5%

Distribution des résultats

Percentile par nombre de réponses

% des personnes avec chaque résultat

Votre développement - résultats

Vous n’avez pas pris ce quiz